Condominium sales and listings

Bibliographic Details
Main Author: Fletcher, David R.
Format: Book
Language:English
Published: Virginia : Reston Publishing Company 1982
Subjects:

MARC

LEADER 00000cam a2200000 7i4500
001 0000002058
005 20240925.0
008 991127 vaua eng
020 |a 0835909174 
040 |a INS   |b eng   |e rda 
090 0 0 |a HD1382.6   |b .F55 1982 
100 1 |a Fletcher, David R. 
245 1 0 |a Condominium sales and listings   |c David R. Fletcher 
264 1 |a Virginia :   |b Reston Publishing Company   |c 1982 
300 |a xiv, 226 pages :   |b illustrations ;   |c 23 cm. 
336 |a text  |2 rdacontent 
337 |a unmediated  |2 rdamedia 
338 |a volume  |2 rdacarrier 
500 |a Includes index 
650 0 |a Condominium 
650 0 |a Real estate 
650 0 |a Real estate listings 
999 |a 0000000632   |b BOOK   |c Open Shelf   |e Default branch